| Tag |
First Indicator |
Second Indicator |
Subfields |
| LEADER |
00000pam a2200000 a 4500 |
| 001 |
in00002000389 |
| 005 |
20151031125321.0 |
| 008 |
040302s2004 ohua b s001 0 eng |
| 010 |
|
|
|a 2004004872
|
| 020 |
|
|
|a 0821415867 (acid-free paper)
|
| 020 |
|
|
|a 0821415875 (pbk. : acid-free paper)
|
| 035 |
|
|
|a (OCoLC)ocm54611339
|
| 040 |
|
|
|a DLC
|c DLC
|d UtOrBLW
|
| 043 |
|
|
|a e-uk---
|a n-us---
|
| 049 |
|
|
|a TXAM
|
| 050 |
0 |
0 |
|a PR830.D65
|b S88 2004
|
| 082 |
0 |
0 |
|a 823/.8093552
|2 22
|
| 100 |
1 |
|
|a Sutton-Ramspeck, Beth,
|d 1954-
|
| 245 |
1 |
0 |
|a Raising the dust :
|b the literary housekeeping of Mary Ward, Sarah Grand, and Charlotte Perkins Gilman /
|c Beth Sutton-Ramspeck.
|
| 264 |
|
1 |
|a Athens :
|b Ohio University Press,
|c [2004]
|
| 264 |
|
4 |
|c ©2004
|
| 300 |
|
|
|a xiii, 272 pages :
|b illustrations ;
|c 24 cm.
|
| 336 |
|
|
|a text
|b txt
|2 rdacontent
|
| 337 |
|
|
|a unmediated
|b n
|2 rdamedia
|
| 338 |
|
|
|a volume
|b nc
|2 rdacarrier
|
| 504 |
|
|
|a Includes bibliographical references (pages 241-261) and index.
|
| 650 |
|
0 |
|a Domestic fiction, English
|x History and criticism.
|
| 650 |
|
0 |
|a English fiction
|x Women authors
|x History and criticism.
|
| 600 |
1 |
0 |
|a Gilman, Charlotte Perkins,
|d 1860-1935
|x Criticism and interpretation.
|
| 600 |
1 |
0 |
|a Ward, Humphry,
|c Mrs.,
|d 1851-1920
|x Criticism and interpretation.
|
| 650 |
|
0 |
|a Domestic fiction, American
|x History and criticism.
|
| 600 |
1 |
0 |
|a Grand, Sarah
|x Criticism and interpretation.
|
| 650 |
|
0 |
|a Women and literature
|z English-speaking countries.
|
| 650 |
|
0 |
|a Housekeeping in literature.
|
| 650 |
|
0 |
|a Housewives in literature.
|
| 650 |
|
0 |
|a Mothers in literature.
|
| 650 |
|
0 |
|a Women in literature.
|
| 650 |
|
0 |
|a Home in literature.
|
| 945 |
|
|
|i PromptCat
|
| 948 |
|
|
|a cataloged
|b h
|c 2004/10/28
|d c
|e dmitchel
|f 10:44:30 am
|
| 994 |
|
|
|a 92
|b TXA
|
| 999 |
|
|
|a MARS
|
| 999 |
f |
f |
|s 8e3f03c2-b9d4-34c4-a798-b5a53443a5da
|i 36cda90a-1f20-3643-9379-f987ac53afd2
|t 0
|
| 952 |
f |
f |
|p normal
|a Texas A&M University
|b College Station
|c Sterling C. Evans Library
|d Evans: Library Stacks
|t 0
|e PR830.D65 S88 2004
|h Library of Congress classification
|i unmediated -- volume
|m A14831343959
|
| 998 |
f |
f |
|a PR830.D65 S88 2004
|t 0
|l Evans: Library Stacks
|